LA AVENTURA VASCONCELISTA 1929 (Registro nro. 22012)
[ vista simple ]
| 000 -LEADER | |
|---|---|
| fixed length control field | 00458nam a2200181 a 4500 |
| 001 - CONTROL NUMBER | |
| control field | 22012 |
| 005 - DATE AND TIME OF LATEST TRANSACTION | |
| control field | 20180713215845.0 |
| 008 - FIXED-LENGTH DATA ELEMENTS--GENERAL INFORMATION | |
| fixed length control field | 140415s1980 mx 000 0 spa d |
| 020 ## - INTERNATIONAL STANDARD BOOK NUMBER | |
| International Standard Book Number | 9681305469 |
| 041 ## - LANGUAGE CODE | |
| Language code of text/sound track or separate title | spa |
| 082 ## - DEWEY DECIMAL CLASSIFICATION NUMBER | |
| Classification number | 320.972 |
| Item number | AZU |
| 100 1# - MAIN ENTRY--PERSONAL NAME | |
| Personal name | AZUELA, SALVADOR |
| 245 13 - TITLE STATEMENT | |
| Title | LA AVENTURA VASCONCELISTA 1929 |
| 250 ## - EDITION STATEMENT | |
| Edition statement | 1a ed. |
| 260 ## - PUBLICATION, DISTRIBUTION, ETC. | |
| Place of publication, distribution, etc. | MEXICO : |
| Name of publisher, distributor, etc. | DIANA, |
| Date of publication, distribution, etc. | 1980 |
| 300 ## - PHYSICAL DESCRIPTION | |
| Extent | 173 |
| 650 14 - SUBJECT ADDED ENTRY--TOPICAL TERM | |
| Topical term or geographic name entry element | MEXICO |
| General subdivision | POLITICA Y GOBIERNO |
| Withdrawn status | Lost status | Source of classification or shelving scheme | Damaged status | Not for loan | Collection code | Home library | Current library | Shelving location | Date acquired | Source of acquisition | Inventory number | Total Checkouts | Full call number | Barcode | Date last seen | Date last checked out | Price effective from | Koha item type |
|---|---|---|---|---|---|---|---|---|---|---|---|---|---|---|---|---|---|---|
| Dewey Decimal Classification | General | Biblioteca Karol Wojtyla | Biblioteca Karol Wojtyla | Sala general | 03/12/2013 | Compra | 151000000000000000055744 | 1 | 320.972 AZU | 42446 | 05/01/2026 | 21/11/2023 | 03/12/2013 | Libro |